000
00310nam a2200121Ia 4500
008
240624s9999 xx 000 0 und d
041
_a
eng
082
_a
658.4092 CAM
100
_a
CAMERON KIM
245
_a
POSITIVE LEADERSHIP
260
_c
2012
_a
San Francisco
_b
Berrett Koehler
300
_a
159 : p. : cm. ; 20
999
_c
23933
_d
23933